|
|
|
|
| LEADER |
00000cam a2200000 7i4500 |
| 001 |
0000006767 |
| 005 |
20000211.0 |
| 040 |
|
|
|a INS
|
| 090 |
0 |
0 |
|a C12
|
| 245 |
0 |
0 |
|a Buku Arahan JPPH (Hijau)
|
| 650 |
0 |
0 |
|a Sistem Kerajaan - Pekeliling dan lain-lain
|
| 999 |
|
|
|a C000000030
|b BOOK
|c Course Notes
|e Default branch
|
| 999 |
|
|
|a C000000115
|b BOOK
|c Course Notes
|e Default branch
|
| 999 |
|
|
|a C000000117
|b BOOK
|c Course Notes
|e Default branch
|
| 999 |
|
|
|a C000000118
|b BOOK
|c Course Notes
|e Default branch
|
| 999 |
|
|
|a C000000119
|b BOOK
|c Course Notes
|e Default branch
|
| 999 |
|
|
|a C000001522
|b BOOK
|c Course Notes
|e Default branch
|
| 999 |
|
|
|a C000001593
|b BOOK
|c Course Notes
|e Default branch
|
| 999 |
|
|
|a C000001594
|b BOOK
|c Course Notes
|e Default branch
|
| 999 |
|
|
|a C000001595
|b BOOK
|c Course Notes
|e Default branch
|
| 999 |
|
|
|a C000001596
|b BOOK
|c Course Notes
|e Default branch
|
| 999 |
|
|
|a C000001597
|b BOOK
|c Course Notes
|e Default branch
|
| 999 |
|
|
|a C000001598
|b BOOK
|c Course Notes
|e Default branch
|
| 999 |
|
|
|a C000001599
|b BOOK
|c Course Notes
|e Default branch
|
| 999 |
|
|
|a C000001632
|b BOOK
|c Course Notes
|e Default branch
|
| 999 |
|
|
|a C000001635
|b BOOK
|c Course Notes
|e Default branch
|
| 999 |
|
|
|a C000001636
|b BOOK
|c Course Notes
|e Default branch
|
| 999 |
|
|
|a C000001637
|b BOOK
|c Course Notes
|e Default branch
|
| 999 |
|
|
|a C000001638
|b BOOK
|c Course Notes
|e Default branch
|
| 999 |
|
|
|a C000001639
|b BOOK
|c Course Notes
|e Default branch
|